Central Library OPAC University of Rajshahi

Company promotion, management, and incorporation / (Record no. 5311)

MARC details
000 -LEADER
fixed length control field 00961cam a2200289 a 4500
001 - CONTROL NUMBER
control field 5311
003 - CONTROL NUMBER IDENTIFIER
rucl marc code BD-RjUL
005 - DATE AND TIME OF LATEST TRANSACTION
control field 20211208234039.0
008 - FIXED-LENGTH DATA ELEMENTS--GENERAL INFORMATION
fixed length control field 131224s1957 ii b 001 0 eng
020 ## - INTERNATIONAL STANDARD BOOK NUMBER
International Standard Book Number 8185029547 :
035 ## - SYSTEM CONTROL NUMBER
System control number (BD-RjUL)
040 ## - CATALOGING SOURCE
Original cataloging agency DLC
Transcribing agency DLC
Modifying agency DLC
Language of cataloging eng
041 ## - LANGUAGE CODE
Language code of text/sound track or separate title eng
082 00 - DEWEY DECIMAL CLASSIFICATION NUMBER
Classification number 346.54066
-- 345.40666
Edition number 20
Author mark and year IYC 1957
100 2# - MAIN ENTRY--PERSONAL NAME
Personal name Srinivasa Iyengar, T. R.
9 (RLIN) 16702
245 10 - TITLE STATEMENT
Title Company promotion, management, and incorporation /
Statement of responsibility, etc. by T.R. Srinivasa Iyengar.
250 ## - EDITION STATEMENT
Edition statement 2nd ed.
260 ## - PUBLICATION, DISTRIBUTION, ETC. (IMPRINT)
Place of publication, distribution, etc. Allahabad, U.P., India :
Name of publisher, distributor, etc. Law Book Co.,
Date of publication, distribution, etc. 1957
300 ## - PHYSICAL DESCRIPTION
Pagination xliv, 245 p. ;
Size 25 cm.
500 ## - GENERAL NOTE
General note Spine title: Iyengar's company promotion, management, and incorporation.
504 ## - BIBLIOGRAPHY, ETC. NOTE
Bibliography, etc Includes bibliographical references and index.
650 #0 - SUBJECT ADDED ENTRY--TOPICAL TERM
Topical term or geographic name as entry element Corporation law
Geographic subdivision India.
9 (RLIN) 12910
942 ## - ADDED ENTRY ELEMENTS (KOHA)
Source of classification or shelving scheme Dewey Decimal Classification
Koha item type Books
Holdings
Lost status Source of classification or shelving scheme Damaged status Not for loan Collection code Permanent Location Current Location Shelving location Date acquired Source of acquisition Cost, normal purchase price Total Checkouts Full call number Date last seen Copy number Koha item type
  Dewey Decimal Classification   Not For Loan Non-fiction Central Library, University of Rajshahi Central Library, University of Rajshahi   28/05/1964 Pak. law house 10.00   346.54066 IYC 1957 24/12/2013 C-1 Books